Washington Wizards Trivia - Statistics

General Stats
  • This quiz has been taken 776 times
    596 since last reset
  • The average score is 9 of 11
Answer Stats
Hint Answer % Correct
Player who came out of retirement in 2001 to play for the Wizards Michael Jordan
95%
Most recent Wizards player to average at least 30 points per game (2021) Bradley Beal
93%
Former name of the Wizards from 1963–1997 Washington Bullets
93%
Speedy point guard who was a five time All-Star for the Wizards in the 2010s John Wall
90%
Shortest player in NBA history – drafted by the team in 1987 Muggsy Bogues
88%
Second-tallest player in NBA history – drafted by the team in 1985 Manute Bol
87%
Former player known as "Agent Zero" Gilbert Arenas
82%
The only player to win an MVP while playing for the team, father of a recent head coach Wes Unseld
74%
Former player known as "Black Jesus" and "Earl the Pearl" Earl Monroe
70%
Tallest player in NBA history – drafted by the team in 1993 Gheorghe Mureșan
62%
Notorious bust chosen with the #1 pick in the 2001 draft Kwame Brown
59%
No matching quizzes found
Score Distribution
Percent of People with Each Score
Percentile by Number Answered
Your Score History
You have not taken this quiz since the last reset